00454nam a22001577a 450000500170000001000150001702000260003203500130005803700130007108200130008410000200009724500430011726000310016027000790019130000260027020140801115831.0 aENG-109962 a9789351431442c150.00 aEN-93495 bDBAD/PUB a346.5402 aRosedar, S.R.A. aLaw of contract-I /cby S.R.A. Rosedar aGurgaonbLexis Nexisc2014 a14th Floor, Bldg No.10, Tower-B, DLF Cyber City, Phase-IIbGurgaone122002 aviii,125p.c22cm(pbk)